| 000 | 00883nam a2200277 i 4500 | ||
|---|---|---|---|
| 003 | EG-ScBUE | ||
| 005 | 20231023102654.0 | ||
| 008 | 110519s2011 ua f 000 0aara d | ||
| 017 | _a2010 / 20090 | ||
| 020 | _a9789770929269 | ||
| 040 |
_aEG-ScBUE _bara _erda _cEG-ScBUE _dEG-ScBUE |
||
| 043 | _af-ua--- | ||
| 082 | 0 | 4 |
_222 _a923.362 _bج م ل |
| 100 | 1 |
_923947 _aجمل، يحيى، _eمؤلف. |
|
| 245 | 1 | 0 |
_aقصة حياة عادية / _cيحيى الجمل. |
| 264 | 1 |
_aالقاهرة : _bدار الشروق، _c2011. |
|
| 300 |
_a420 صفحة ؛ _c24 سم |
||
| 336 |
_2rdacontent _aنص _btxt |
||
| 337 |
_2rdamedia _aبدون وسيط _bn |
||
| 338 |
_2rdacarrier _aمجلد _bnc |
||
| 600 | 1 | 7 |
_aجمل، يحيى. _2BUEsh |
| 650 | 7 |
_913310 _aالسياسيون المصريون _vتراجم. _2BUEsh |
|
| 653 | _cMay2011 | ||
| 655 | _vReading book | ||
| 942 |
_2ddc _cBB |
||
| 999 |
_c15332 _d15332 |
||